| 000 | 00462nam a2200157 a 4500 | ||
|---|---|---|---|
| 005 | 20140412111227.0 | ||
| 008 | 001117s19uu xx 00 eng d | ||
| 050 |
_aTR(GS 428.6 _bHBJ 19_? |
||
| 245 |
_aWeather vanes / _cBernice E. Cullinan. |
||
| 250 | _aTeacher's edition | ||
| 260 |
_aOrlando : _bHarcourt Brace Jovanovich, _c1989. |
||
| 300 | _a684 p. | ||
| 440 | _aHBJ Reading Program, Level 6 | ||
| 650 | _aReading -- study and teaching | ||
| 999 |
_c102070 _d102070 |
||